[Event "Tournoi ouvert de Gatineau (Section -1500)"]
[Site "Gatineau"]
[Date "2014.03.02"]
[Round "5"]
[White "Raymond,Robert"]
[Black "Demchenko,Svitlana"]
[Result "0-1"]
[BlackElo "1369"]
[WhiteElo "1348"]

1.e4 c6 2.d3 d5 3.Nd2 dxe4 4.Nxe4 Nd7 5.Nf3 Ngf6 6.Nxf6+ Nxf6 7.Be2 Bg4 8.O-O
e6 9.Bg5 Be7 10.Ne5 Bxe2 11.Qxe2 h6 12.Bh4 O-O 13.c3 Qd6 14.d4 Rfd8 15.Bg3
Qd5 16.Qe3 c5 17.Rfd1 cxd4 18.Rxd4 Qc5 19.Rxd8+ Rxd8 20.Qxc5 Bxc5 21.Nf3 Ne4
22.Nd4 Nxg3 23.hxg3 Bxd4 24.cxd4 Rxd4 25.Kf1 Kf8 26.b3 Ke7 27.f3 Rd2 28.g4 a6
29.a3 Kd6 30.Re1 b6 31.Re2 Rxe2 32.Kxe2 a5 33.Kd3 Kd5 34.a4 f6 35.g3 Kc5
36.Kc3 f5 37.gxf5 exf5 38.Kd3 Kb4 39.Kd4 Kxb3 40.Ke5 Kxa4 41.Kxf5 b5 0-1

[Event "Tournoi ouvert de Gatineau (Section -1500)"]
[Site "Gatineau"]
[Date "2014.03.02"]
[Round "5"]
[White "Carabineanu,Marcel"]
[Black "Simard,Paul"]
[Result "1-0"]
[BlackElo "1286"]
[WhiteElo "1315"]

{ C50: Partie italienne } 1.e4 e5 2.Nf3 Nc6 3.Bc4 Nf6 4.Nc3 Bc5 5.h3 O-O 6.d3
a6 { dernier coup de la bibliothèque } 7.Bg5 Be7 8.Qd2 h6
{ Les Noirs
menacent un gain matériel: h6xg5 } 9.Bh4 ( 9.Be3 Bb4 $11 ) 9...b5 ( 9...Nxe4
$5 10.dxe4 Bxh4 $17 ) 10.Bxf6 $11 Bxf6 { Les Noirs ont la paire de Fous }
11.Bd5 Bb7 12.h4 Qe7 ( 12...Rb8 $142 $11 ) 13.g4 $4 { relâche la pression. }
( 13.Ne2 $142 $16 ) 13...g5 $4 { passe à côté du chemin vers la victoire. }
( 13...Nd4 $142 { quel dommage que les Noirs n'aient pas essayé ça! } 14.Qd1
c6 $19 ) 14.hxg5 hxg5 15.O-O-O Rab8 ( 15...Rfb8 $18 ) 16.a3 ( 16.Rh5 $142
{ et les Blancs
ont pris l'avantage. } 16...b4 17.Ne2 $18 ) 16...Nd4 $16 17.Nxd4 ( 17.Bxb7
$142 $5 Nxf3 18.Qe3 $14 ) 17...exd4 $11
{ Les Noirs ont de nouveaux pions doublés:
d4+d7 } 18.Ne2 c6 $2 ( 18...Bxd5 $142
{ est la meilleure option qu'ont les
Noirs. } 19.exd5 b4 $11 ) 19.Bb3 $18 d5 ( 19...c5 20.Ng3 Qe5 21.Nf5 $18 )
20.exd5 ( 20.f4 $142 $5 { et les Blancs peuvent se relaxer. } 20...Rfe8
21.Ng3 Bc8 $18 ) 20...cxd5 21.Rh5 ( 21.Ng3 $142 Rfe8 22.Kb1 $18 ) 21...Kg7 $4
{ encore un
morceau de territoire perdu. } ( 21...Bc8 22.Nxd4 Bxd4 $11 ( 22...Bxg4 $4
{ les
Noirs ne seront pas capables de digérer ce Pion. } 23.Nc6 Bxh5 24.Nxe7+ Bxe7
25.Rh1 $18 ) ) 22.Nxd4 $1 $18 { Attaque double: d5/g7 } 22...Bc8 ( 22...Bxd4
23.Rxg5+ { Attaque double } ) ( 22...-- $140 23.Nf5+ { Menace de mat } )
23.Rdh1 ( 23.Nc6 $142 { semble mieux. } 23...Qd6 24.Rxg5+ Bxg5 25.Qxg5+ Qg6
26.Qe5+ Qf6 27.Qxf6+ Kxf6 28.Nxb8 $18 ) 23...Kg8 ( 23...Bd7 24.Rh7+ Kg8 $18 )
24.Nc6 Qc7 25.Qxg5+ $3 { Attaque de mat } 25...Bg7 ( 25...Bxg5+ 26.Rxg5#
{ Attaque de mat } ) 26.Rh8# 1-0

[Event "Tournoi ouvert de Gatineau (Section -1500)"]
[Site "Gatineau"]
[Date "2014.03.02"]
[Round "5"]
[White "Mikhaylov,Dmitry"]
[Black "Pellerin-Leclerc,Jonathan"]
[Result "1-0"]
[BlackElo "1267"]
[WhiteElo "1137"]

1.e4 Nf6 2.d4 Nc6 3.Nf3 e5 4.Bg5 Be7 5.Nc3 d5 6.Bxf6 Bxf6 7.Nxd5 Be6 8.Nc3
Nxd4 9.Nxd4 Qxd4 10.Be2 O-O-O 11.O-O c6 12.a4 a5 13.Bf3 Be7
{ et il m'est impossible de reconstituer la partie. Les Moirs abandonnèrent au 24e coup. }
1-0

[Event "Tournoi ouvert de Gatineau (Section -1500)"]
[Site "Gatineau"]
[Date "2014.03.02"]
[Round "5"]
[White "Ketata,Nabil"]
[Black "Poirier,Damien"]
[Result "1-0"]
[BlackElo "1077"]
[WhiteElo "1115"]

1. f4 d5 2. d4 Nc6 3. e3 Nf6 4. Nc3 e6 5. a3 a6 6. b4 b5 7. Nf3 Bd6 8. Be2 Ng4
9. O-O O-O 10. Ng5 Nf6 11. Bf3 h6 12. e4 hxg5 13. e5 Be7 14. exf6 Bxf6 15. Ne2
a5 16. fxg5 Bxg5 17. c3 axb4 18. cxb4 Nxb4 19. Qb3 Bxc1 20. Nxc1 Nc6 21. Ne2
Rb8 22. Rac1 Bd7 23. Bg4 Qg5 24. h3 f5 25. Bf3 Be8 26. Bxd5 Kh7 27. Bxc6 Bh5
28. Nf4 Bf7 29. Nxe6 Bxe6 30. Qxe6 Qf6 31. d5 Qh4 32. Qd7 f4 33. Qxc7 f3 34. d6
Qg5 35. Bxf3 Rbe8 36. d7 Rd8 37. Be4+ g6 38. Rce1 Kh6 39. Bc6 Qc5+ 40. Kh1 Ra8
41. Rg1 Rxa3 42. Re8 Ra2 43. Rxf8 Qxf8 44. d8=Q Qf4 45. Qxf4+ g5 46. Qh8+ Kg6
47. Qd6+ Kf5 48. Rf1+ Rf2 49. Rxf2# 1-0